000 00698nam a2200205Ia 4500
003 GCL
008 140319s9999 xx 000 0 ara d
040 _aGCL /
_cGCL
082 0 4 _aد
_b050
_bم ث
100 1 _aالمجلس الاعلى للتربية والثقافة
245 1 0 _aالثقافة العالمية /
_cالمجلس الاعلى للتربية والثقافة
260 _a[S.N] :
_bالمجلس الوطنى للثقافة والفنون والاداب
300 _a204
490 _aمن روائع الادب الامريكى المعاصر
_v0
650 0 4 _aالادب
650 0 4 _aالثقافة
650 0 4 _aالعلوم
650 0 4 _aالفن
942 _2ddc
_cCF
999 _c27020
_d27020